000 01857mm a2200385a 44500
001 NM030091
003 RG CODE MARC
008 05020s1999 ||||||||||||||000 | spa||
005 20251028183341.0
020 _a0-8254-1221-8
040 _aORG CODE MARC
100 _aMaier, Paul L.
_d1930-2025
_940941
245 _aEusebio
_bhistoria de la iglesia
_cPaul L. Maier
250 _aNueva ed.
260 _aGrand Rapids, Mich.
_bPortavoz
300 _a410 p.
_bil. col., fot., gráf., mapas ; 24 cm.
500 _aTítulo original: Eusebius: The Church History
500 _aTraducido por: Santiago Escuain
500 _aDonación de Pablo Vernola, 2025
500 _aEd. original en inglés: Kregel Publications
500 _aIncluye índices analíticos al final del volumen
505 _tLibro 1. La persona y la obra de Cristo. Comentario: Eusebio sobre Jesús
505 _tLibro 2. Los apóstoles. Comentario: Eusebio acerca de los apóstoles
505 _tLibro 3. Misiones y persecuciones. Comentario: Las fuentes de Eusebio
505 _tLibro 4. Obispos, escritos y martirios. Comentario: Defensores y calumniadores de la fe
505 _tLibro 5. Héroes occidentales, herejes orientales. Comentario: Luchas y argumentos cristianos
505 _tLibro 6. Orígenes y las atrocidades en Alejandría. Comentario: Los horizontes de Eusebio
505 _tLibro 7. Dionisio y la disidencia. Comentario: Dionisio de Alejandría
505 _tLibro 8. La gran persecución. Comentario: Los cuatro emperadores
505 _tLibro 9. La gran liberación. Comentario: ¿El fin de la persecución?
505 _tLibro 10. Constantino y la paz. Comentario: Eusebio y Constantino
505 _tApéndice 1: La cita de Eusebio de Josefo sobre Jesús
505 _tApéndice 2: Las sucesiones de emperadores y obispos
942 _cBK
999 _c29398
_d29398